000
00314nam a2200133Ia 4500
100
_a
Garud/G.N/ Jain/L.C
942
_c
BK
654
_a
devices
245
_a
Electronic devices and Linear Circuits
260
_b
Tata Mc Graw hill
_a
New Delhi
_c
1987
082
_a
621.381
_b
GAR
300
_a
483
546
_a
ENGLISH
999
_c
32152
_d
32152